000 00606nam a2200229Ia 4500
003 OSt
005 20220923225756.0
006 a|||||r|||| 00| 0
007 ta
008 Pun
024 _a274,592
037 _cTextual
040 _aARTS
_cARTS
_bPun
041 _2Pun
_aPun
082 _aO153,1:g, J3
100 _aਸਿੰਘ, ਮੋਹਣ
245 0 _aਪੰਜਾਬੀ ਸਾਹਿਤ ਦੇ ਤਿੰਨ ਰਤਨ
260 _c1953
650 _aਪੰਜਾਬੀ ਸਾਹਿਤ
942 _hO153,1:g, J3
_cTEXL
_2CC
999 _c380323
_d380323